Budovanie metropolitnej siete

Uložené v:
Podrobná bibliografia
Hlavný autor: Hipš, Juraj, 1990- (Autor)
Ďalší autori: Miksa, František, 1970- (Vedúci práce)
Médium: Rukopis Kniha
Jazyk:Slovak
Vydavateľské údaje: 2015
Predmet:
On-line prístup:http://is.stuba.sk/zp/portal_zp.pl?podrobnosti=110257
Tagy: Pridať tag
Žiadne tagy, Buďte prvý, kto otaguje tento záznam!

MARC

LEADER 00000ntm a22000003a 4500
001 stuzp50636
003 SK-STU
005 20160719153622.2
007 ta
008 150427s2015----xo-----f-mn---000-0-slo-d
040 |a STU  |b slo 
041 0 |a slo 
100 1 |a Hipš, Juraj,  |d 1990-  |u 066000  |4 aut  |U MTF Materiálovotechnologická fakulta  |T MTF Ústav aplikovanej informatiky, automatizácie a mechatroniky  |X 6504  |U M6000  |Y 86  |7 A000006504 
242 0 1 |a Building metropolitan area network  |y eng 
245 1 0 |a Budovanie metropolitnej siete 
260 |c 2015 
650 4 |a optické vlákno  |2 slo 
650 4 |a metropolitná počítačová sieť  |2 slo 
650 4 |a Triple play služba  |2 slo 
650 4 |a metropolitan area network  |2 eng 
650 4 |a optical fiber  |2 eng 
650 4 |a Triple play service  |2 eng 
700 1 |a Miksa, František,  |d 1970-  |4 ths  |X 2760  |7 A000002760 
856 4 |u http://is.stuba.sk/zp/portal_zp.pl?podrobnosti=110257 
996 |c M* DP-12424  |l MMSKP  |s P  |a 0  |w stuzp50636_0001 
SQL |a stuzp50636  |b DDP  |c SLO  |d Budovanie metropolitnej siete  |e 6504  |f Hipš, Juraj  |g 066000  |h 2760  |i Miksa, František  |j 20150602  |k 965  |l 06  |m http://is.stuba.sk/zp/portal_zp.pl?podrobnosti=110257  |n I-AIPP  |o 5.2.14. automatizácia